| 000 | 00839cab a2200181 4500 | ||
|---|---|---|---|
| 001 | ##ABS68646 | ||
| 008 | 050127n2005 000 0 eng u | ||
| 035 | _a(Sirsi) u128643 | ||
| 100 | 1 | _aNorwood, G. | |
| 245 | 0 | 0 |
_aFocus _bpersonal finance |
| 260 | _c2005 | ||
| 490 | 0 |
_aEstates Gazette _v(0501) 8 January 2005, 39-45(7) |
|
| 520 | _aThree articles looking at the options open to private investors. The first, "The best ways to invest in property", examines alternatives to the traditional buy-to-let market while "Timing isn't quite REIT" looks at whether the time is right to invest in REITs. The final article investigates the state of the buy-to-let market and reports on the short and long term prospects. | ||
| 590 | _aABS | ||
| 651 | 4 |
_aUnited Kingdom _y |
|
| 690 | _aPROPERTY-PROPERTY FINANACE AND INVESTMENT | ||
| 942 | _n0 | ||
| 999 |
_c74771 _d74771 |
||